Exercises and solutions in probability and statistics / (Record no. 52375)

MARC details
000 -LEADER
fixed length control field 00724nam a2200265Ia 4500
005 - DATE AND TIME OF LATEST TRANSACTION
control field 20260429112114.0
008 - FIXED-LENGTH DATA ELEMENTS--GENERAL INFORMATION
fixed length control field 260429s9999||||xx |||||||||||||| ||und||
020 ## - INTERNATIONAL STANDARD BOOK NUMBER
International Standard Book Number 9781041048336
041 ## - LANGUAGE CODE
Language English
082 ## - DEWEY DECIMAL CLASSIFICATION NUMBER
Classification number 519.2076
Item number SMI
100 ## - MAIN ENTRY--PERSONAL NAME
Personal name Smith, Gary
245 #0 - TITLE STATEMENT
Title Exercises and solutions in probability and statistics /
Statement of responsibility, etc Gary Smith
250 ## - EDITION STATEMENT
Edition statement 1st ed.
260 ## - PUBLICATION, DISTRIBUTION, ETC. (IMPRINT)
Place of publication, distribution, etc Boca Raton :
Name of publisher, distributor, etc CRC Press,
Date of publication, distribution, etc 2026.
300 ## - PHYSICAL DESCRIPTION
Extent ix, 290 p.; pbk
440 ## - SERIES STATEMENT/ADDED ENTRY--TITLE
Title Texts in statistical science series
650 ## - SUBJECT ADDED ENTRY--TOPICAL TERM
Topical term or geographic name as entry element Inference
650 ## - SUBJECT ADDED ENTRY--TOPICAL TERM
Topical term or geographic name as entry element Probability
650 ## - SUBJECT ADDED ENTRY--TOPICAL TERM
Topical term or geographic name as entry element Statistics
700 ## - ADDED ENTRY--PERSONAL NAME
Personal name Faraway, Julian
700 ## - ADDED ENTRY--PERSONAL NAME
Personal name Tanner, Martin
700 ## - ADDED ENTRY--PERSONAL NAME
Personal name Zidek, Jim
700 ## - ADDED ENTRY--PERSONAL NAME
Personal name Blitzstein, Joseph K.
942 ## - ADDED ENTRY ELEMENTS (KOHA)
Koha item type Text Books
Holdings
Withdrawn status Lost status Damaged status Not for loan Collection code Home library Location Shelving location Date of Cataloging Source of acquisition Total Checkouts Full call number Barcode Date last seen Price effective from Koha item type
        Non-fiction CUTN Central Library CUTN Central Library Sciences 29/04/2026 CBS Publishers & Distributors, New Delhi - Invoice No. COR/IN/26/11710 on   519.2076 SMI 57451 29/04/2026 29/04/2026 Text Books